Population, resources, environment and quality of life
Zapisane w:
| 1. autor: | |
|---|---|
| Format: | Książka |
| Język: | Undetermined |
| Wydane: |
New Delhi
Dhanpat Rai and Sons
1988
|
| Hasła przedmiotowe: | |
| Etykiety: |
Dodaj etykietę
Nie ma etykietki, Dołącz pierwszą etykiete!
|
| Thư viện lưu trữ: | Trung tâm Học liệu Trường Đại học Cần Thơ |
|---|
| LEADER | 00541nam a2200181Ia 4500 | ||
|---|---|---|---|
| 001 | CTU_5670 | ||
| 008 | 210402s9999 xx 000 0 und d | ||
| 082 | |a 304.6 | ||
| 082 | |b S531 | ||
| 100 | |a R C Sharma | ||
| 245 | 0 | |a Population, resources, environment and quality of life | |
| 245 | 0 | |c R C Sharma | |
| 260 | |a New Delhi | ||
| 260 | |b Dhanpat Rai and Sons | ||
| 260 | |c 1988 | ||
| 650 | |a environmental policy - asia,population | ||
| 904 | |i Nguyễn Quang Điền, 960725 | ||
| 980 | |a Trung tâm Học liệu Trường Đại học Cần Thơ | ||